South America Capitals to Flags Quiz - Statistics

General Stats
  • This quiz has been taken 25 times
  • The average score is 9 of 11
Answer Stats
Picture Answer % Correct
Bogotá
100%
Santiago
100%
Buenos Aires
95%
Lima
95%
Montevideo
90%
Brasilia
85%
Caracas
85%
Quito
80%
La Paz or Sucre
75%
Georgetown
70%
Paramaribo
70%
No matching quizzes found
Score Distribution
Percent of People with Each Score
Percentile by Number Answered
Your Score History
You have not taken this quiz